Statistics for U.S. History by Letter- D

Click here to take the quiz!

General Stats

  • This quiz has been taken 391 times
  • The average score is 10 of 18

Answer Stats

HintAnswer% Correct
First US stateDelaware
98%
June 6, 1944D-Day
95%
Invented a library classification systemMelvil Dewey
79%
Pioneer of animation industryWalt Disney
79%
50's actor killed in car crashJames Dean
72%
Agricultural tragedy of the 1930sDust Bowl
70%
Escaped from slavery, became abolitionistFrederick Douglass
63%
First (and only) president of the CSAJefferson Davis
57%
Oregon Trail locale famous for cannibalismDonner Pass
50%
Unofficial CSA anthemDixie
47%
Depression-era bank robberJohn Dillinger
41%
Nixon's "thawing" plan with CommunismDetente
40%
Popular name for US WWI soldiersDoughboys
38%
Isolated poet of Amherst, MAEmily Dickinson
35%
Pan-Africanist, co-founded NAACPW.E.B. Du Bois
34%
1995 Balkan peace agreementDayton Accords
30%
First English person born in AmericaVirginia Dare
26%
Defense attorney in Scopes TrialClarence Darrow
25%

Score Distribution

Percentile by Number Answered

Percent of People with Each Score

Your Score History

You have not taken this quiz